Terme di Diocleziano: con les sculture dell'aula ottagona

Tallennettuna:
Bibliografiset tiedot
Päätekijä: Tagliamonte, Gianluca (Tekijä)
Aineistotyyppi: Kirja
Kieli:italia
Julkaistu: Milán Electa 1998
Painos:1a. ed
Aiheet:
Tagit: Lisää tagi
Ei tageja, Lisää ensimmäinen tagi!

MARC

LEADER 00000cam a2200000 a 4500
001 UCD8718
003 CL-VaPUC
008 170519e19980000it |||||||||||||||||ita|d
082 0 4 |a 930.1  |b SOP  |2 21 
100 0 |a Tagliamonte, Gianluca  |e author  |9 592191 
245 1 0 |a Terme di Diocleziano: con les sculture dell'aula ottagona 
250 |a 1a. ed 
300 |a 59 p 
942 |c BK 
945 |d 20170519 15:42:00  |a arojas 
260 |a Milán  |b Electa  |c 1998 
650 0 |a Arqueología   |9 265619 
650 0 |a Antigüedades  |9 266390 
650 0 |a Antigua Roma   |9 592192 
583 |a last modification  |c 20170519 15:42:00  |k Rodrigo Vera 
999 |c 368027  |d 368025 
952 |0 0  |1 0  |3 erb  |4 0  |6 930_100000000000000_SOP_1998  |7 0  |8 A  |9 483277  |a FDOLAF  |b FDOLAF  |i 5391520  |o 930.1 SOP 1998  |p 5391520  |r 2024-01-30  |w 2019-11-24  |y BK  |z Catalogado en:20170519  |k LAF